Normal view MARC view

Entry Topical Term

Number of records used in: 1

001 - CONTROL NUMBER

  • control field: 26889

003 - CONTROL NUMBER IDENTIFIER

  • control field: OSt

005 - DATE AND TIME OF LATEST TRANSACTION

  • control field: 20210817103352.0

008 - FIXED-LENGTH DATA ELEMENTS

  • fixed length control field: 210817|| aca||aabn | a|a d

040 ## - CATALOGING SOURCE

  • Original cataloging agency: OSt
  • Transcribing agency: OSt

150 ## - HEADING--TOPICAL TERM

  • Topical term or geographic name entry element: Citizen assemblies, Voting, Participation, Political mobilization, Survey experiment, Rain

670 ## - SOURCE DATA FOUND

  • Source citation: Work cat.: (OSt): Steffen, Isabelle Stadelmann Gerber, Marlene 26888, Voting in the rain:The impact of rain on participation in open-air assemblies

Powered by Koha